[Event "BAN-chT2"]
[Site "Dhaka"]
[Date "2016.11.07"]
[Round "5.2"]
[White "Md Rimon, Sheikh"]
[Black "Md Shahadat, Samnoor"]
[Result "1-0"]
[WhiteElo "1813"]
[BlackElo "1769"]
[PlyCount "61"]
[EventDate "2016.11.03"]
[EventType "team-swiss"]
[EventRounds "7"]
[EventCountry "BAN"]
[SourceTitle "CBM 175 Extra"]
[Source "ChessBase"]
[SourceDate "2016.12.12"]
[SourceVersion "1"]
[SourceVersionDate "2016.12.12"]
[SourceQuality "1"]
[WhiteTeam "Santinagar"]
[BlackTeam "Habiganj Asad"]
[WhiteTeamCountry "BAN"]
[BlackTeamCountry "BAN"]

1. e4 e6 2. d4 d5 3. Nc3 Bb4 4. e5 c5 5. Nf3 Nc6 6. Bb5 Bd7 7. Bxc6 bxc6 8. a3 cxd4 9. axb4 dxc3 10. bxc3 f6 11. Be3 Qc7 12. Qd4 a6 13. 0-0 f5 14. Qd3 Qb7 15. Nd4 Ne7 16. Nb3 Qb5 17. Ra5 Qxd3 18. cxd3 c5 19. Nxc5 Nc6 20. Rxa6 Rxa6 21. Nxa6 Nxe5 22. Nc5 Bb5 23. Ra1 Kf7 24. Ra7+ Kg6 25. Bd4 Nc6 26. Rxg7+ Kh6 27. Rb7 Rb8 28. Rxb8 Nxb8 29. Nxe6 Bxd3 30. Be3+ f4 31. Bxf4+ 1-0

[Event "BAN-chT2"]
[Site "Dhaka"]
[Date "2016.11.05"]
[Round "3.2"]
[White "Rahman, Almasur"]
[Black "Md Shahadat, Samnoor"]
[Result "0-1"]
[WhiteElo "1982"]
[BlackElo "1769"]
[PlyCount "59"]
[EventDate "2016.11.03"]
[EventType "team-swiss"]
[EventRounds "7"]
[EventCountry "BAN"]
[SourceTitle "CBM 175 Extra"]
[Source "ChessBase"]
[SourceDate "2016.12.12"]
[SourceVersion "1"]
[SourceVersionDate "2016.12.12"]
[SourceQuality "1"]
[WhiteTeam "BRAC University"]
[BlackTeam "Habiganj Asad"]
[WhiteTeamCountry "BAN"]
[BlackTeamCountry "BAN"]

1. e4 e6 2. Nf3 d5 3. exd5 exd5 4. d4 Nf6 5. Be2 Be7 6. 0-0 h6 7. Re1 0-0 8. Ne5 Nc6 9. Nxc6 bxc6 10. Bf3 Bd6 11. Nd2 a5 12. c4 Ba6 13. c5 Bf4 14. g3 Bg5 15. h4 Bxd2 16. Bxd2 a4 17. Qc2 Bb5 18. Qf5 Qc8 19. Qxc8 Raxc8 20. Bf4 Bd3 21. Rad1 Be4 22. Bxe4 Nxe4 23. f3 Nf6 24. g4 Kh8 25. Rd2 h5 26. Bg5 Ng8 27. gxh5 f6 28. Bf4 Nh6 29. Kg2 Nf5 30. Kh3 0-1